[Event "Chigorin Memorial 25th"]
[Site "St Petersburg"]
[Date "2017.10.26"]
[Round "6"]
[White "Vasilenko, Ekaterina"]
[Black "Babotin, Nikita"]
[Result "1-0"]
[WhiteElo "1806"]
[BlackElo "1530"]
[PlyCount "42"]
[EventDate "2017.10.21"]
[EventType "swiss"]
[EventRounds "9"]
[EventCountry "RUS"]
[SourceTitle "CBM 181 Extra"]
[Source "ChessBase"]
[SourceDate "2017.12.12"]
[SourceVersion "1"]
[SourceVersionDate "2017.12.12"]
[SourceQuality "1"]

1. e4 c5 2. Nf3 d6 3. d4 cxd4 4. Nxd4 Nf6 5. f3 e5 6. Bb5+ Bd7 7. Bxd7+ Nbxd7 8. Nf5 d5 9. exd5 g6 10. Ne3 Bh6 11. 0-0 0-0 12. Nc3 Rc8 13. Qe2 Re8 14. Rd1 e4 15. d6 exf3 16. Qxf3 Qb6 17. Rd3 Ne5 18. Qxf6 Nxd3 19. Ncd5 Bxe3+ 20. Bxe3 Qxb2 21. Qxb2 Nxb2 1-0